[Event "Olomouc 2005, IM B - Ave-Kontakt Cup"]
[Site "?"]
[Date "2005.??.??"]
[Round "4.6"]
[White "Camarena Gimenez, Rufino"]
[Black "Kraemer, Martin"]
[Result "1/2-1/2"]
[WhiteElo "2374"]
[BlackElo "2377"]
[PlyCount "25"]
[EventDate "2005.08.03"]

1. e4 c5 2. Nf3 Nc6 3. d3 g6 4. g3 Bg7 5. Bg2 Nf6 6. O-O d5 7. Nbd2 O-O 8. Re1
e5 9. exd5 Nxd5 10. Nc4 Re8 11. a4 f6 12. c3 Be6 13. Nfd2 1/2-1/2

[Event "Olomouc 2005, IM B - Ave-Kontakt Cup"]
[Site "?"]
[Date "2005.??.??"]
[Round "5.2"]
[White "Vavra, Pavel"]
[Black "Camarena Gimenez, Rufino"]
[Result "0-1"]
[WhiteElo "2346"]
[BlackElo "2374"]
[PlyCount "69"]
[EventDate "2005.08.03"]

1. e4 e6 2. d4 d5 3. Nd2 Nf6 4. e5 Nfd7 5. Bd3 c5 6. c3 Nc6 7. Ngf3 g6 8. a3
Bg7 9. b4 cxd4 10. cxd4 Qb6 11. Nb3 a5 12. b5 Nxd4 13. Nbxd4 Nxe5 14. Be3 Nxd3+
15. Qxd3 e5 16. Nb3 d4 17. Nbxd4 exd4 18. Qe4+ Qe6 19. Qxe6+ Bxe6 20. Bxd4 O-O
21. Bxg7 Kxg7 22. O-O-O Rfc8+ 23. Kb2 Rc5 24. Nd4 Bc4 25. a4 Bd5 26. f3 Rac8
27. Rc1 Rc4 28. Rxc4 Rxc4 29. Rd1 Rxa4 30. Nf5+ gxf5 31. Rxd5 Rb4+ 32. Kc3 f4
33. g3 fxg3 34. hxg3 b6 35. f4 0-1

[Event "Olomouc 2005, IM B - Ave-Kontakt Cup"]
[Site "?"]
[Date "2005.??.??"]
[Round "5.4"]
[White "Plat, Vojtech"]
[Black "Vovk, Yuri"]
[Result "0-1"]
[WhiteElo "1945"]
[BlackElo "2435"]
[PlyCount "76"]
[EventDate "2005.08.03"]

1. e4 c5 2. Nf3 Nc6 3. d4 cxd4 4. Nxd4 Nf6 5. Nc3 d6 6. Bc4 e6 7. Bg5 Qb6 8.
Nb3 a6 9. Qd2 Qc7 10. O-O-O Be7 11. Rhe1 Ne5 12. Bf1 h6 13. Bxf6 Bxf6 14. Qxd6
Qxd6 15. Rxd6 Ng4 16. h3 Nxf2 17. Re2 Be5 18. Rdd2 Nh1 19. Rd3 Ng3 20. Re1 Bd7
21. Red1 O-O-O 22. Na5 Bc7 23. Nc4 Bc6 24. Nd2 f5 25. exf5 exf5 26. Nf3 g5 27.
Nd4 Be4 28. Nxe4 fxe4 29. Rxg3 Bf4+ 30. Kb1 Bxg3 31. c3 Rhf8 32. Be2 Be5 33.
Bg4+ Kb8 34. Kc2 Bxd4 35. cxd4 Rf2+ 36. Kb3 Rxg2 37. d5 Rg3+ 38. Kb4 Rd3 0-1

[Event "Olomouc 2005, IM B - Ave-Kontakt Cup"]
[Site "?"]
[Date "2005.??.??"]
[Round "5.5"]
[White "Kanovsky, David"]
[Black "Jasim, A R  Saleh"]
[Result "1/2-1/2"]
[WhiteElo "2328"]
[BlackElo "2318"]
[PlyCount "47"]
[EventDate "2005.08.03"]

1. e4 e6 2. d4 d5 3. Nd2 dxe4 4. Nxe4 Nd7 5. Nf3 Ngf6 6. Bg5 h6 7. Nxf6+ Nxf6
8. Be3 Nd5 9. Bd3 Bd6 10. Qd2 Bd7 11. c3 Qe7 12. O-O O-O 13. Rfe1 Rfd8 14. a3
c5 15. dxc5 Bxc5 16. Bxc5 Qxc5 17. c4 Nf6 18. b4 Qc7 19. Qe2 Bc6 20. Ne5 Rd4
21. Qe3 Rad8 22. f3 b6 23. Bf1 Bb7 24. Rac1 1/2-1/2

[Event "Olomouc 2005, IM B - Ave-Kontakt Cup"]
[Site "?"]
[Date "2005.??.??"]
[Round "6.1"]
[White "Pel, Bonno"]
[Black "Treybal, Dusan"]
[Result "1-0"]
[WhiteElo "2310"]
[BlackElo "2236"]
[PlyCount "39"]
[EventDate "2005.08.03"]

1. Nc3 d5 2. e4 dxe4 3. Nxe4 e5 4. Bc4 Nc6 5. Nf3 Be7 6. d3 Nf6 7. Nfg5 O-O 8.
Nxf7 Rxf7 9. Ng5 Nd5 10. Nxf7 Kxf7 11. Qf3+ Ke6 12. Be3 Bf6 13. O-O-O Nce7 14.
g4 g6 15. d4 c6 16. dxe5 Bxe5 17. Rhe1 Kd6 18. Bg5 Be6 19. Rxe5 Kxe5 20. Qg3+
1-0

[Event "Olomouc 2005, IM B - Ave-Kontakt Cup"]
[Site "?"]
[Date "2005.??.??"]
[Round "6.3"]
[White "Vovk, Yuri"]
[Black "Kanovsky, David"]
[Result "1-0"]
[WhiteElo "2435"]
[BlackElo "2328"]
[PlyCount "104"]
[EventDate "2005.08.03"]

1. e4 c5 2. Nf3 d6 3. d4 cxd4 4. Nxd4 Nf6 5. Nc3 g6 6. Be3 Bg7 7. f3 Nc6 8. Qd2
h5 9. O-O-O Bd7 10. Kb1 Rc8 11. g3 Na5 12. h3 a6 13. Rg1 b5 14. g4 b4 15. Nd5
Nxd5 16. exd5 Qc7 17. Bxa6 Nc4 18. Qe2 Nxe3 19. Bxc8 Nxd1 20. Bxd7+ Kxd7 21.
Rxd1 hxg4 22. Qb5+ Kc8 23. fxg4 Qc5 24. Qa6+ Kc7 25. Nc6 Bf6 26. Na5 Qb6 27.
Qc4+ Qc5 28. Qxc5+ dxc5 29. Rd3 Be5 30. Nc4 Bd6 31. Rf3 f5 32. gxf5 gxf5 33.
Rxf5 Rxh3 34. a4 bxa3 35. Nxa3 Rh1+ 36. Ka2 Rh2 37. Kb3 Rh3+ 38. c3 Rh8 39. Nc4
Rb8+ 40. Kc2 Rh8 41. Rf1 Rh5 42. Rd1 Rg5 43. Kb3 Rh5 44. Rd3 Rg5 45. Rd2 Rh5
46. Ka4 Rh8 47. Na3 Ra8+ 48. Kb5 Rb8+ 49. Kc4 Rh8 50. Re2 Rh4+ 51. Kd3 Rh6 52.
Nb5+ Kb7 1-0

[Event "Olomouc 2005, IM B - Ave-Kontakt Cup"]
[Site "?"]
[Date "2005.??.??"]
[Round "6.4"]
[White "Potapov, Pavel"]
[Black "Plat, Vojtech"]
[Result "1-0"]
[WhiteElo "2285"]
[BlackElo "1945"]
[PlyCount "61"]
[EventDate "2005.08.03"]

1. e4 Nf6 2. e5 Nd5 3. d4 d6 4. Nf3 Bg4 5. Bc4 e6 6. O-O Nb6 7. Be2 Nc6 8. Nbd2
dxe5 9. dxe5 Be7 10. b3 Nd5 11. Bb2 Bb4 12. Ne4 Nf4 13. Bb5 O-O 14. a3 Be7 15.
Qc1 Ng6 16. Bxc6 bxc6 17. Qe3 Qc8 18. Nf6+ gxf6 19. exf6 Re8 20. fxe7 Rxe7 21.
Ne5 Bf5 22. g4 Qe8 23. gxf5 exf5 24. Qc3 Nxe5 25. f4 f6 26. fxe5 fxe5 27. Rae1
f4 28. Rxe5 Rg7+ 29. Kh1 Qg6 30. Qf3 Rd8 31. Re2 1-0

[Event "Olomouc 2005, IM B - Ave-Kontakt Cup"]
[Site "?"]
[Date "2005.??.??"]
[Round "6.5"]
[White "Camarena Gimenez, Rufino"]
[Black "Petr, Martin"]
[Result "1/2-1/2"]
[WhiteElo "2374"]
[BlackElo "2331"]
[PlyCount "118"]
[EventDate "2005.08.03"]

1. e4 e6 2. d3 d5 3. Nd2 c5 4. g3 Nc6 5. Bg2 Nf6 6. Ngf3 Be7 7. O-O O-O 8. Re1
b5 9. e5 Nd7 10. Nf1 a5 11. h4 Ba6 12. Bf4 b4 13. N1h2 a4 14. a3 Bb5 15. Ng5
Qe8 16. c4 bxc3 17. bxc3 Ra6 18. c4 dxc4 19. dxc4 Bxc4 20. Qc2 Bxg5 21. Qxc4
Bxf4 22. Qxa6 Ncb8 23. Qd6 Bxe5 24. Rxe5 Nxe5 25. Qxe5 Qb5 26. Qc7 c4 27. Rc1
Qb3 28. Rxc4 Qxa3 29. Qa7 Qa1+ 30. Nf1 a3 31. Ra4 Qb2 32. Rxa3 Nd7 33. Ra2 Qb3
34. Qa4 Qxa4 35. Rxa4 Nf6 36. Bf3 g6 37. Ra8 h6 38. Rxf8+ Kxf8 39. Ne3 Ke7 40.
Kf1 Ng8 41. Ke2 f5 42. Kd3 e5 43. Kc4 Kd6 44. Bd5 Nf6 45. Bf7 f4 46. Nd1 g5 47.
h5 e4 48. gxf4 gxf4 49. Kd4 Ke7 50. Bc4 e3 51. f3 Kd6 52. Nc3 Nxh5 53. Ne2 Ng7
54. Ke4 Kc5 55. Bf7 h5 56. Kxf4 h4 57. Kxe3 h3 58. Kf2 Nf5 59. Be6 h2 1/2-1/2

[Event "Olomouc 2005, IM B - Ave-Kontakt Cup"]
[Site "?"]
[Date "2005.??.??"]
[Round "6.6"]
[White "Kraemer, Martin"]
[Black "Vavra, Pavel"]
[Result "1-0"]
[WhiteElo "2377"]
[BlackElo "2346"]
[PlyCount "55"]
[EventDate "2005.08.03"]

1. e4 c6 2. Nc3 d5 3. Nf3 Bg4 4. h3 Bxf3 5. Qxf3 e6 6. d3 Nd7 7. Qg3 g6 8. Be2
Bg7 9. O-O Ne7 10. f4 O-O 11. Kh1 f5 12. e5 c5 13. Nd1 b5 14. Bd2 b4 15. Qf2 a5
16. Bf3 a4 17. a3 Nc6 18. axb4 cxb4 19. c4 Nb6 20. Be3 Nc8 21. cxd5 exd5 22.
Bc5 Re8 23. Ne3 N8e7 24. Rfc1 Qd7 25. Bd6 Ra5 26. Qd2 Qb7 27. Bxe7 Nxe7 28. Nc4
1-0

[Event "Olomouc 2005, IM B - Ave-Kontakt Cup"]
[Site "?"]
[Date "2005.??.??"]
[Round "7.2"]
[White "Petr, Martin"]
[Black "Kraemer, Martin"]
[Result "1/2-1/2"]
[WhiteElo "2331"]
[BlackElo "2377"]
[PlyCount "31"]
[EventDate "2005.08.03"]

1. e4 c5 2. Nf3 Nc6 3. d4 cxd4 4. Nxd4 Nf6 5. Nc3 d6 6. f3 e5 7. Nb3 Be7 8. Be3
Be6 9. Qd2 a5 10. Bb5 O-O 11. Qf2 Qb8 12. Rd1 Na7 13. Be2 Nc6 14. Bb5 Na7 15.
Be2 Nc6 16. Bb5 1/2-1/2

[Event "Olomouc 2005, IM B - Ave-Kontakt Cup"]
[Site "?"]
[Date "2005.??.??"]
[Round "7.3"]
[White "Plat, Vojtech"]
[Black "Camarena Gimenez, Rufino"]
[Result "0-1"]
[WhiteElo "1945"]
[BlackElo "2374"]
[PlyCount "99"]
[EventDate "2005.08.03"]

1. e4 e6 2. d4 d5 3. Nd2 Nf6 4. e5 Nfd7 5. Bd3 c5 6. c3 Nc6 7. Ne2 cxd4 8. cxd4
f6 9. exf6 Nxf6 10. Nf3 Bd6 11. Bg5 O-O 12. O-O Qc7 13. h3 Bd7 14. Rc1 Nh5 15.
Qd2 Rf7 16. Be3 Rxf3 17. gxf3 Rf8 18. f4 Qd8 19. f3 Qh4 20. Rf2 Nxf4 21. Nxf4
Rxf4 22. Rxc6 bxc6 23. Bxf4 Bxf4 24. Qc3 Bc7 25. Rg2 Bb6 26. Rg4 Qxh3 27. Bf1
Qh6 28. Qe1 Qf6 29. Kg2 h5 30. Rg3 Qxd4 31. Be2 Qxb2 32. Rg5 Qf6 33. Qg3 Bc7
34. Qxc7 Qxg5+ 35. Kf2 Qh4+ 36. Kg2 Qe7 37. Qxa7 e5 38. Qb8+ Qe8 39. Qb3 h4 40.
Bd3 Qe6 41. Kf2 h3 42. Qb8+ Kf7 43. Qh8 e4 44. fxe4 dxe4 45. Qh5+ Kg8 46. Be2
Qxa2 47. Qg5 Qf7+ 48. Kg3 Qf5 49. Bc4+ Kh7 50. Qh4+ 0-1

[Event "Olomouc 2005, IM B - Ave-Kontakt Cup"]
[Site "?"]
[Date "2005.??.??"]
[Round "7.4"]
[White "Kanovsky, David"]
[Black "Potapov, Pavel"]
[Result "0-1"]
[WhiteElo "2328"]
[BlackElo "2285"]
[PlyCount "60"]
[EventDate "2005.08.03"]

1. Nf3 f5 2. b3 d6 3. d4 Nf6 4. g3 g6 5. Bg2 Bg7 6. Bb2 O-O 7. O-O Qe8 8. c4 c6
9. d5 a5 10. Nc3 Bd7 11. Rc1 Na6 12. Na4 Qd8 13. dxc6 Bxc6 14. Nc3 Nc5 15. Nd4
Bxg2 16. Kxg2 Qd7 17. a4 f4 18. Ba3 Rad8 19. Nf3 fxg3 20. hxg3 Qg4 21. Nd5 Nxd5
22. Qxd5+ e6 23. Qg5 Qe4 24. Bxc5 dxc5 25. Rfe1 Bb2 26. Rb1 Bc3 27. Rh1 Qxe2
28. Qe3 Qxe3 29. fxe3 Rd3 30. Rbd1 Rxe3 0-1

[Event "Olomouc 2005, IM B - Ave-Kontakt Cup"]
[Site "?"]
[Date "2005.??.??"]
[Round "7.5"]
[White "Ganaus, Hannes"]
[Black "Vovk, Yuri"]
[Result "0-1"]
[WhiteElo "2340"]
[BlackElo "2435"]
[PlyCount "78"]
[EventDate "2005.08.03"]

1. g3 g6 2. Bg2 Bg7 3. c4 Nf6 4. Nc3 O-O 5. d3 d6 6. e4 c5 7. Nge2 Nc6 8. O-O
Rb8 9. h3 a6 10. a4 Ne8 11. Be3 Nc7 12. d4 cxd4 13. Nxd4 Ne6 14. Nde2 Nc5 15.
Rb1 f5 16. f4 Nxe4 17. Nxe4 fxe4 18. g4 Be6 19. b3 d5 20. cxd5 Bxd5 21. Ng3 e5
22. Nxe4 exf4 23. Qxd5+ Qxd5 24. Nf6+ Kh8 25. Nxd5 fxe3 26. Rxf8+ Rxf8 27. Nxe3
Bd4 28. Re1 Re8 29. Kf2 Nb4 30. Kf3 Nd3 31. Re2 Nc1 32. Re1 Nxb3 33. Nc2 Rf8+
34. Ke4 Bf2 35. Re2 Nc5+ 36. Kd5 Nxa4 37. Re7 Bh4 38. Rxb7 Bg3 39. Rb1 Rd8+ 0-1

[Event "Olomouc 2005, IM B - Ave-Kontakt Cup"]
[Site "?"]
[Date "2005.??.??"]
[Round "7.6"]
[White "Treybal, Dusan"]
[Black "Jasim, A R  Saleh"]
[Result "1/2-1/2"]
[WhiteElo "2236"]
[BlackElo "2318"]
[PlyCount "81"]
[EventDate "2005.08.03"]

1. e4 e6 2. d4 d5 3. Nc3 dxe4 4. Nxe4 Nd7 5. Nf3 Ngf6 6. Nxf6+ Nxf6 7. Bd3 c5
8. dxc5 Bxc5 9. Qe2 O-O 10. Bg5 h6 11. Bh4 Qa5+ 12. c3 Nd5 13. O-O Nf4 14. Qc2
Nxd3 15. Qxd3 Qc7 16. Bg3 Qb6 17. b3 Rd8 18. Qe2 Bd7 19. Rfd1 Bb5 20. c4 Be8
21. h3 f6 22. Nh2 e5 23. Nf1 Bd4 24. Rac1 Qc6 25. Kh2 Bg6 26. Ne3 Qe4 27. Qg4
Qxg4 28. hxg4 Bb2 29. Rxd8+ Rxd8 30. Re1 Bc3 31. Rc1 Bb2 32. Re1 Rd2 33. f4
exf4 34. Bxf4 Ba3 35. Nd5 Rxa2 36. b4 Bf7 37. Re7 a5 38. Rxb7 axb4 39. Nxb4 Rb2
40. Rb8+ Kh7 41. Nd5 1/2-1/2

[Event "Olomouc 2005, IM B - Ave-Kontakt Cup"]
[Site "?"]
[Date "2005.??.??"]
[Round "8.1"]
[White "Pel, Bonno"]
[Black "Jasim, A R  Saleh"]
[Result "1-0"]
[WhiteElo "2310"]
[BlackElo "2318"]
[PlyCount "62"]
[EventDate "2005.08.03"]

1. Nc3 d5 2. e4 dxe4 3. Nxe4 Nd7 4. Bc4 e6 5. Qe2 Ngf6 6. Ng5 Nb6 7. Bb3 h6 8.
N5f3 c5 9. Ne5 Bd6 10. f4 O-O 11. Ngf3 Nbd5 12. d3 b5 13. c4 bxc4 14. dxc4 Ne7
15. Bd2 Bb7 16. O-O-O Qc7 17. Bc2 Bxf3 18. gxf3 Nf5 19. Rhg1 Rfd8 20. Qg2 Bf8
21. Bxf5 exf5 22. Qh3 Nd7 23. Qxf5 Nxe5 24. fxe5 Qc6 25. Bc3 Qa6 26. Qe4 Qxa2
27. e6 Qa1+ 28. Kc2 Qa4+ 29. b3 Qe8 30. e7 Bxe7 31. Rxg7+ Kf8 1-0

[Event "Olomouc 2005, IM B - Ave-Kontakt Cup"]
[Site "?"]
[Date "2005.??.??"]
[Round "8.2"]
[White "Vovk, Yuri"]
[Black "Treybal, Dusan"]
[Result "1/2-1/2"]
[WhiteElo "2435"]
[BlackElo "2236"]
[PlyCount "113"]
[EventDate "2005.08.03"]

1. e4 e5 2. Nf3 Nc6 3. Bb5 a6 4. Ba4 Nf6 5. O-O Be7 6. Re1 b5 7. Bb3 O-O 8. c3
d6 9. h3 Na5 10. Bc2 c5 11. d4 Qc7 12. Nbd2 Nc6 13. d5 Nd8 14. a4 Rb8 15. axb5
axb5 16. b4 c4 17. Nf1 Ne8 18. Ng3 g6 19. Nh2 f6 20. f4 exf4 21. Bxf4 Nf7 22.
Nf3 Ng7 23. Nd4 Bd7 24. Be3 Ra8 25. Nge2 Qb7 26. Qd2 Rfb8 27. Nf4 Qc8 28. Nc6
Bxc6 29. dxc6 Qxc6 30. Nd5 Bd8 31. Qf2 Ne8 32. Ba7 Rc8 33. Bb6 Rxa1 34. Rxa1
Ra8 35. Rxa8 Qxa8 36. Bxd8 Qxd8 37. Qa7 Ne5 38. Bd1 h5 39. g4 h4 40. g5 fxg5
41. Bg4 Nf6 42. Be6+ Kh8 43. Nc7 Nxe4 44. Nxb5 Qf6 45. Qe3 Qf4 46. Qxf4 gxf4
47. Bd5 Ng3 48. Kf2 Nf5 49. Be6 Ne3 50. Nxd6 Nd1+ 51. Ke1 Nxc3 52. Nf7+ Nxf7
53. Bxf7 Kg7 54. Bxc4 Kf6 55. b5 Na4 56. Kf2 Ke5 57. Kf3 1/2-1/2

[Event "Olomouc 2005, IM B - Ave-Kontakt Cup"]
[Site "?"]
[Date "2005.??.??"]
[Round "8.3"]
[White "Potapov, Pavel"]
[Black "Ganaus, Hannes"]
[Result "1-0"]
[WhiteElo "2285"]
[BlackElo "2340"]
[PlyCount "49"]
[EventDate "2005.08.03"]

1. e4 g6 2. Nc3 Bg7 3. h4 c6 4. d4 d5 5. e5 c5 6. h5 cxd4 7. Qxd4 Nc6 8. Bb5 e6
9. Nf3 Nge7 10. h6 Bf8 11. Bg5 Qa5 12. Qf4 Ng8 13. Bf6 Nxf6 14. Qxf6 Rg8 15.
Ng5 Qc7 16. O-O-O a6 17. Bxc6+ bxc6 18. Nxh7 Qe7 19. Qf3 Rh8 20. Ne4 f5 21.
Nd6+ Kd8 22. Nxf8 Qxf8 23. Qe3 Kc7 24. Rd3 Bd7 25. Rb3 1-0

[Event "Olomouc 2005, IM B - Ave-Kontakt Cup"]
[Site "?"]
[Date "2005.??.??"]
[Round "8.4"]
[White "Camarena Gimenez, Rufino"]
[Black "Kanovsky, David"]
[Result "1/2-1/2"]
[WhiteElo "2374"]
[BlackElo "2328"]
[PlyCount "126"]
[EventDate "2005.08.03"]

1. e4 c5 2. Nc3 Nc6 3. g3 g6 4. Bg2 Bg7 5. d3 d6 6. f4 e6 7. Nf3 Nge7 8. O-O
O-O 9. Be3 Nd4 10. e5 Nef5 11. Bf2 Nxf3+ 12. Qxf3 Nd4 13. Qd1 Rb8 14. Ne4 dxe5
15. fxe5 Bxe5 16. c3 Nf5 17. Bxc5 Re8 18. Bxa7 Ra8 19. Bf2 h5 20. Nc5 Rb8 21.
d4 Bg7 22. Nd3 Qc7 23. Qe2 b5 24. Ne5 Bb7 25. Bxb7 Rxb7 26. a3 Rd8 27. Rae1 Rd5
28. Nd3 Qd8 29. Qf3 Bh6 30. Re5 Rbd7 31. Rfe1 Bg7 32. Rxd5 Rxd5 33. Nb4 Rd6 34.
Be3 Nxe3 35. Qxe3 Qc8 36. Qf3 Qd7 37. Nd3 Rd5 38. Qe4 Qd8 39. Nb4 Rf5 40. Rf1
Rxf1+ 41. Kxf1 Bh6 42. Nd3 Qc7 43. Ne5 Bg7 44. Nc6 h4 45. Kg2 hxg3 46. hxg3 Bh6
47. Ne5 Bg7 48. Nf3 Qc4 49. g4 Qb3 50. Qe2 Bh6 51. g5 Bf8 52. Ne5 Bd6 53. Kh3
Bxe5 54. dxe5 Qd5 55. Kg3 Kg7 56. Kf4 Kg8 57. b4 Kg7 58. Qf3 Qc4+ 59. Kg3 Qb3
60. Qf6+ Kg8 61. Qd8+ Kg7 62. Qd3 Qxa3 63. Kf4 Qc1+ 1/2-1/2

[Event "Olomouc 2005, IM B - Ave-Kontakt Cup"]
[Site "?"]
[Date "2005.??.??"]
[Round "8.6"]
[White "Vavra, Pavel"]
[Black "Petr, Martin"]
[Result "0-1"]
[WhiteElo "2346"]
[BlackElo "2331"]
[PlyCount "102"]
[EventDate "2005.08.03"]

1. e4 e6 2. d4 d5 3. Nd2 c5 4. exd5 exd5 5. Bb5+ Nc6 6. Ngf3 Bd6 7. dxc5 Bxc5
8. O-O Nge7 9. Nb3 Bd6 10. h3 O-O 11. Nbd4 Bc7 12. Bd3 Ng6 13. c3 a6 14. Nf5
Nce5 15. Nxe5 Nxe5 16. Bc2 Be6 17. Ng3 Qh4 18. Qh5 Qxh5 19. Nxh5 f6 20. b3 Rad8
21. Be3 Nc6 22. Nf4 Bf7 23. Ne2 Rfe8 24. Rad1 Be5 25. Rd2 Bxc3 26. Nxc3 d4 27.
Bxd4 Rxd4 28. Rxd4 Nxd4 29. Be4 Ne2+ 30. Nxe2 Rxe4 31. Ng3 Re7 32. Rd1 g6 33.
Nf1 Re2 34. Nd2 Be8 35. a4 Re7 36. Nc4 Bf7 37. Rd6 f5 38. Na5 f4 39. Rb6 Bd5
40. Rd6 Re5 41. Rd7 Be6 42. Rd8+ Kg7 43. Nxb7 Bxb3 44. Rd7+ Kg8 45. Rd8+ Kf7
46. a5 Ke7 47. Rd6 Rb5 48. Rb6 Bd5 49. Nd6 Rxa5 50. Kh2 Kd7 51. Nb7 Kc7 0-1

[Event "Olomouc 2005, IM B - Ave-Kontakt Cup"]
[Site "?"]
[Date "2005.??.??"]
[Round "9.1"]
[White "Petr, Martin"]
[Black "Pel, Bonno"]
[Result "0-1"]
[WhiteElo "2331"]
[BlackElo "2310"]
[PlyCount "82"]
[EventDate "2005.08.03"]

1. e4 d6 2. d4 g6 3. Nc3 Nf6 4. Be3 c6 5. h3 Nbd7 6. f4 b5 7. a3 Bb7 8. Qf3 a5
9. e5 b4 10. exf6 bxc3 11. fxe7 Qxe7 12. bxc3 Nf6 13. c4 c5 14. d5 Bg7 15. Rb1
O-O 16. Bd3 Rab8 17. Rb5 Rfe8 18. Kf2 Nxd5 19. cxd5 Bd4 20. Ne2 Qxe3+ 21. Kg3
Bxd5 22. Qxe3 Rxe3+ 23. Kh2 Rxb5 24. Bxb5 Bb2 25. a4 Be4 26. Rd1 d5 27. Ng3 g5
28. Nxe4 dxe4 29. fxg5 Be5+ 30. Kg1 Bg3 31. Bc6 Re2 32. Bd5 e3 33. Be4 c4 34.
h4 Bxh4 35. Kh2 Bxg5 36. Kg3 Rf2 37. Re1 Kg7 38. c3 Ra2 39. Kg4 h6 40. Kf5 Ra3
41. Rc1 Rxc3 0-1

[Event "Olomouc 2005, IM B - Ave-Kontakt Cup"]
[Site "?"]
[Date "2005.??.??"]
[Round "9.4"]
[White "Ganaus, Hannes"]
[Black "Camarena Gimenez, Rufino"]
[Result "0-1"]
[WhiteElo "2340"]
[BlackElo "2374"]
[PlyCount "52"]
[EventDate "2005.08.03"]

1. e4 c6 2. d4 d5 3. Nc3 dxe4 4. Nxe4 Nd7 5. Nf3 Ngf6 6. Nxf6+ Nxf6 7. Ne5 Be6
8. Be2 g6 9. O-O Bg7 10. c3 O-O 11. Re1 Nd7 12. Nd3 Bf5 13. Qb3 Bxd3 14. Bxd3
e5 15. Qxb7 exd4 16. cxd4 Bxd4 17. Bf1 Bxf2+ 18. Kxf2 Qh4+ 19. g3 Qxh2+ 20. Bg2
Ne5 21. Qe7 Nd3+ 22. Kf3 Nxe1+ 23. Qxe1 Rfe8 24. Qh1 Qxh1 25. Bxh1 Re1 26. Bg2
Rd8 0-1

[Event "Olomouc 2005, IM B - Ave-Kontakt Cup"]
[Site "?"]
[Date "2005.??.??"]
[Round "9.5"]
[White "Treybal, Dusan"]
[Black "Potapov, Pavel"]
[Result "0-1"]
[WhiteElo "2236"]
[BlackElo "2285"]
[PlyCount "72"]
[EventDate "2005.08.03"]

1. e4 c5 2. Nf3 Nc6 3. d4 cxd4 4. Nxd4 e5 5. Nb5 d6 6. N1c3 a6 7. Na3 Be7 8. g3
Nf6 9. Bg2 O-O 10. O-O b5 11. Nd5 Nxd5 12. exd5 Nb8 13. c4 b4 14. Nc2 a5 15. b3
Nd7 16. Be3 f5 17. f4 Bf6 18. fxe5 Nxe5 19. a3 bxa3 20. Rxa3 Re8 21. h3 Bd7 22.
Qd2 a4 23. Rfa1 Rb8 24. bxa4 Nxc4 25. Qd3 Nxe3 26. Nxe3 Bxa1 27. Rxa1 Qb6 28.
Re1 Bxa4 29. Kh2 Bb5 30. Qc3 Rbc8 31. Qb4 Rxe3 32. Rxe3 Qxe3 33. Qxb5 f4 34.
gxf4 Qxf4+ 35. Kg1 Rc1+ 36. Bf1 Qg3+ 0-1

[Event "Olomouc 2005, IM B - Ave-Kontakt Cup"]
[Site "?"]
[Date "2005.??.??"]
[Round "9.6"]
[White "Jasim, A R  Saleh"]
[Black "Vovk, Yuri"]
[Result "0-1"]
[WhiteElo "2318"]
[BlackElo "2435"]
[PlyCount "129"]
[EventDate "2005.08.03"]

1. Nf3 Nf6 2. g3 d5 3. Bg2 g6 4. b3 Bg7 5. Bb2 O-O 6. c4 c6 7. O-O Bg4 8. d3
Bxf3 9. Bxf3 e6 10. Nd2 a5 11. e3 Na6 12. a3 Nd7 13. Bxg7 Kxg7 14. Qc2 Nf6 15.
Qb2 Qe7 16. Rab1 Rad8 17. b4 axb4 18. axb4 e5 19. b5 Nc5 20. Qa3 Ra8 21. Qb4
Ra4 22. Qc3 d4 23. exd4 exd4 24. Qc2 Ra3 25. bxc6 Rc3 26. Qa2 bxc6 27. Bxc6
Nxd3 28. Rb7 Qe6 29. Bg2 Nc1 30. Qa7 Ne2+ 31. Kh1 d3 32. Rb6 Qe5 33. Qa1 Re8
34. Rb3 Nd7 35. Rb5 Qf6 36. Qa7 Nf8 37. Rd5 Qe7 38. Qa1 Qa3 39. Qxa3 Rxa3 40.
c5 Ne6 41. c6 N2d4 42. Rd7 Rc3 43. Ne4 Rc2 44. Rd1 Rb8 45. Bf1 Rxc6 46. Bxd3
Rb2 47. Kg2 Nf5 48. Rd2 Rb4 49. Bc2 Rxc2 50. Rxc2 Rxe4 51. Ra2 g5 52. Raa7 Nh6
53. h3 Kg6 54. Rd5 Re2 55. Kf3 Rc2 56. Raa5 Ng8 57. Ra6 Nf6 58. Rda5 Rc3+ 59.
Kg2 Rd3 60. Ra4 Rd5 61. R6a5 Nc5 62. Ra2 h5 63. Rc2 Nfd7 64. Rc4 f6 65. Rc2 {
85 moves} 0-1

[Event "Olomouc 2005, IM B - Ave-Kontakt Cup"]
[Site "?"]
[Date "2005.??.??"]
[Round "10.1"]
[White "Pel, Bonno"]
[Black "Vovk, Yuri"]
[Result "1-0"]
[WhiteElo "2310"]
[BlackElo "2435"]
[PlyCount "69"]
[EventDate "2005.08.03"]

1. Nc3 c5 2. Nf3 Nc6 3. d4 cxd4 4. Nxd4 g6 5. e4 Bg7 6. Nde2 Nf6 7. g3 O-O 8.
Bg2 d6 9. O-O Rb8 10. a4 a6 11. Nd5 Nd7 12. c3 b5 13. axb5 axb5 14. Nd4 Nde5
15. f4 Nxd4 16. fxe5 Nc6 17. exd6 exd6 18. Bf4 Ne5 19. Qd2 Nc4 20. Qf2 Be6 21.
Rad1 Rb7 22. h3 Re8 23. Kh2 h5 24. Bc1 Bxd5 25. Rxd5 Be5 26. Kh1 Qb6 27. Qf3
Qc6 28. Rdd1 Ree7 29. Rf2 Rb8 30. Bg5 Ra7 31. Bf6 Qe8 32. b3 Na5 33. Qe3 Rd7
34. Rd5 Nc6 35. Rxe5 1-0

[Event "Olomouc 2005, IM B - Ave-Kontakt Cup"]
[Site "?"]
[Date "2005.??.??"]
[Round "10.2"]
[White "Potapov, Pavel"]
[Black "Jasim, A R  Saleh"]
[Result "1/2-1/2"]
[WhiteElo "2285"]
[BlackElo "2318"]
[PlyCount "56"]
[EventDate "2005.08.03"]

1. e4 e6 2. d4 d5 3. Nd2 dxe4 4. Nxe4 Nd7 5. Nf3 Ngf6 6. Nxf6+ Nxf6 7. Bg5 h6
8. Bh4 c5 9. Ne5 a6 10. dxc5 Qa5+ 11. c3 Bxc5 12. Bg3 Be7 13. Be2 O-O 14. O-O
Ne4 15. Bf4 Bd6 16. Nd3 Qc7 17. Bxd6 Nxd6 18. Qc2 b5 19. Bf3 Bb7 20. Bxb7 Qxb7
21. Rfd1 Nc4 22. Qe2 Rac8 23. Ne5 Nxe5 24. Qxe5 Rfd8 25. Rd4 Rxd4 26. Qxd4 Qd5
27. Qxd5 exd5 28. Rd1 Rd8 1/2-1/2

[Event "Olomouc 2005, IM B - Ave-Kontakt Cup"]
[Site "?"]
[Date "2005.??.??"]
[Round "10.4"]
[White "Kraemer, Martin"]
[Black "Ganaus, Hannes"]
[Result "1-0"]
[WhiteElo "2377"]
[BlackElo "2340"]
[PlyCount "57"]
[EventDate "2005.08.03"]

1. e4 e6 2. d4 d5 3. Nc3 Nf6 4. e5 Nfd7 5. f4 c5 6. Nf3 Nc6 7. Ne2 g6 8. c3 a6
9. Be3 b5 10. a3 c4 11. g4 h5 12. gxh5 Rxh5 13. Ng3 Rh8 14. h4 Ne7 15. h5 Nf5
16. Bf2 Bg7 17. Ng5 Qe7 18. hxg6 fxg6 19. Nxf5 exf5 20. Rxh8+ Bxh8 21. Bg2 Nb6
22. Kd2 Bb7 23. Qh1 O-O-O 24. Qh6 Rg8 25. Rh1 Kb8 26. Qh7 Qxh7 27. Rxh7 Bc6 28.
Bh4 Nc8 29. Ne6 1-0

[Event "Olomouc 2005, IM B - Ave-Kontakt Cup"]
[Site "?"]
[Date "2005.??.??"]
[Round "10.6"]
[White "Petr, Martin"]
[Black "Plat, Vojtech"]
[Result "1/2-1/2"]
[WhiteElo "2331"]
[BlackElo "1945"]
[PlyCount "132"]
[EventDate "2005.08.03"]

1. e4 c5 2. Nf3 e6 3. Nc3 Nf6 4. d4 cxd4 5. Nxd4 Bb4 6. e5 Nd5 7. Qg4 O-O 8.
Bh6 g6 9. Bxf8 Kxf8 10. Qg3 Qa5 11. Nb3 Nxc3 12. Nxa5 Ne4+ 13. c3 Nxg3 14. cxb4
Nxh1 15. b5 b6 16. Nc4 d5 17. exd6 Nd7 18. Be2 Bb7 19. f3 Rc8 20. Kd2 Nf2 21.
Rc1 Ke8 22. Ke3 Bd5 23. b3 Bxc4 24. bxc4 Nc5 25. Kxf2 Kd7 26. Rd1 Nb7 27. Rd3
Nxd6 28. Ra3 Rc7 29. f4 Ne4+ 30. Ke3 Nc5 31. Bf3 f6 32. g4 Kd6 33. Bc6 h6 34.
Ke2 e5 35. Rh3 exf4 36. Rxh6 Ke5 37. h4 g5 38. hxg5 fxg5 39. Rg6 Rh7 40. Rxg5+
Kd4 41. Rh5 Re7+ 42. Kd2 Kxc4 43. Rf5 Ne4+ 44. Kc2 Nd6 45. Rxf4+ Kc5 46. Kd3 a6
47. g5 axb5 48. Be4 Rg7 49. Rg4 Nf7 50. Rg2 Rxg5 51. Rc2+ Kb4 52. Kd4 Nd6 53.
Bd5 Rg4+ 54. Kd3 Nc4 55. Rc1 Kc5 56. Be6 Rd4+ 57. Kc3 b4+ 58. Kc2 b5 59. Kb1
Rd2 60. Ka1 Kd4 61. Rh1 Ne3 62. Bb3 Rf2 63. Kb1 Rf1+ 64. Rxf1 Nxf1 65. Kb2 Ne3
66. Be6 Kc5 1/2-1/2

[Event "Olomouc 2005, IM C - Agentura 64 Cup"]
[Site "?"]
[Date "2005.??.??"]
[Round "1.1"]
[White "Sluka, Radek"]
[Black "Tibensky, Robert"]
[Result "1/2-1/2"]
[WhiteElo "2329"]
[BlackElo "2444"]
[PlyCount "72"]
[EventDate "2005.08.03"]

1. e4 e5 2. Nf3 d6 3. d4 exd4 4. Nxd4 Nf6 5. Nc3 Be7 6. Be2 O-O 7. O-O Re8 8.
Re1 c6 9. a4 a5 10. b3 Na6 11. Bf3 Nc5 12. Ba3 Bf8 13. Qd2 Ng4 14. g3 Qf6 15.
Rad1 h5 16. Qf4 Qe5 17. Bg2 g6 18. h3 Nf6 19. Bb2 h4 20. Qxe5 dxe5 21. Nf3 hxg3
22. fxg3 Nfd7 23. Kh2 Ne6 24. Nb1 f6 25. Na3 Nb6 26. Bf1 Nc5 27. Nh4 Kg7 28.
Nc4 Nxc4 29. Bxc4 Ne6 30. Nf3 Nc5 31. Kg2 b6 32. g4 g5 33. Kg3 Ne6 34. h4 gxh4+
35. Nxh4 Ng5 36. Bc1 Bb4 1/2-1/2